000 00589nam a22001931a 4500
001 11730
003 OSt
005 20260204212253.0
008 130516s2007||||ck ||||||b||||||||||spa||
020 _a9789586485197
050 _a379.158 A11g
100 _aAbad Arango, Dario
245 _aGuia practica : Acreditacion de programas e instituciones de educacion superior en colombia / Dario Abad Arango
250 _a2a
264 _aColombia : educaciones Ecoe
300 _a150 P.
650 _aACREDITACION (EDUCACION) - COLOMbia 2.EDUCACION SUPERIOR - COLOMBIAÌ
942 _2ddc
_cBK
999 _c11730
_d11730